000
00338nam a22001457a 4500
005
20160701112154.0
008
160701b xxu||||| |||| 00| 0 eng d
041
_a
eng
082
_b
20302
245
_a
The metalliferous mine regulation act 1961
260
_b
geeta
300
_a
211
650
_a
Diploma Engineering
_9
817
942
_c
BK
999
_c
5041
_d
5039